[Event "Yuzhny FO-ch op"]
[Site "Armavir"]
[Date "2015.02.??"]
[Round "6"]
[White "Popov, Evgeny"]
[Black "Levchuk, Ivan"]
[Result "0-1"]
[WhiteElo "1917"]
[BlackElo "1955"]
[PlyCount "96"]
[EventDate "2015.02.13"]
[EventType "swiss"]
[EventRounds "9"]
[EventCountry "RUS"]
[SourceTitle "CBM 165 Extra"]
[Source "ChessBase"]
[SourceDate "2015.04.21"]
[SourceVersion "1"]
[SourceVersionDate "2015.04.21"]
[SourceQuality "1"]

1. e4 c5 2. Nf3 d6 3. Bb5+ Nc6 4. 0-0 Bd7 5. Re1 e5 6. c3 a6 7. Bf1 Nf6 8. h3 Be7 9. d4 Qc7 10. d5 Na7 11. a4 0-0 12. c4 b5 13. cxb5 axb5 14. b3 h6 15. Na3 Rab8 16. Bd2 Nh7 17. Bd3 Ng5 18. Nh2 Nh7 19. Nf1 Bg5 20. Ne3 Rfc8 21. a5 Qd8 22. Qe2 Nf8 23. g3 Qe8 24. Kh2 Bd8 25. Nac2 Ra8 26. Rg1 Nh7 27. Qd1 Rcb8 28. b4 c4 29. Bf1 Bg5 30. Bc3 Nc8 31. Ng2 Bf6 32. Qe1 Ng5 33. Nh4 Nh7 34. Nf3 Ne7 35. Bg2 g6 36. Qe3 Bg7 37. Nd2 f5 38. Qe1 Nf6 39. Rd1 Kh7 40. Rf1 Nh5 41. Bf3 Nf6 42. Qe2 Qf7 43. Ne3 f4 44. gxf4 exf4 45. Ng2 Ng4+ 46. Bxg4 Bxg4 47. Qxg4 Bxc3 48. Nxf4 Be5 0-1

[Event "Yuzhny FO-ch op"]
[Site "Armavir"]
[Date "2015.02.??"]
[Round "2"]
[White "Popov, Evgeny"]
[Black "Lyashenko, Valeri"]
[Result "1/2-1/2"]
[WhiteElo "1917"]
[BlackElo "1994"]
[PlyCount "72"]
[EventDate "2015.02.13"]
[EventType "swiss"]
[EventRounds "9"]
[EventCountry "RUS"]
[SourceTitle "CBM 165 Extra"]
[Source "ChessBase"]
[SourceDate "2015.04.21"]
[SourceVersion "1"]
[SourceVersionDate "2015.04.21"]
[SourceQuality "1"]

1. e4 c5 2. Nf3 Nc6 3. d4 cxd4 4. Nxd4 e5 5. Nb5 d6 6. N1c3 a6 7. Na3 Be6 8. Nc4 Nf6 9. Bg5 Rc8 10. Ne3 Nd4 11. Bd3 Be7 12. 0-0 h6 13. Bxf6 Bxf6 14. Ncd5 0-0 15. c3 Nc6 16. Qe2 Bg5 17. Rfd1 Ne7 18. Bc4 Nxd5 19. Bxd5 Bxe3 20. Qxe3 Bxd5 21. Rxd5 Rc6 22. Qd3 Re8 23. c4 Qb6 24. b3 Re6 25. Rd1 Rf6 26. Qe2 Kh7 27. R5d3 Qc7 28. Rg3 Rf4 29. a4 a5 30. Rf3 Rxf3 31. Qxf3 Qe7 32. Qc3 Qc7 33. Rd5 Rc5 34. Rd3 Qe7 35. Qd2 Qh4 36. Qe1 Qd8 1/2-1/2

[Event "Sochi Tseshkovsky Memorial op"]
[Site "Sochi"]
[Date "2014.09.17"]
[Round "1"]
[White "Mozharov, Mikhail"]
[Black "Popov, Evgeny"]
[Result "1-0"]
[WhiteElo "2555"]
[BlackElo "2059"]
[PlyCount "143"]
[EventDate "2014.09.17"]
[EventType "swiss"]
[EventRounds "9"]
[EventCountry "RUS"]
[SourceTitle "CBM 162 Extra"]
[Source "ChessBase"]
[SourceDate "2014.10.17"]
[SourceVersion "1"]
[SourceVersionDate "2014.10.17"]
[SourceQuality "1"]

1. d4 Nf6 2. c4 e6 3. Nf3 d5 4. e3 c6 5. b3 Nbd7 6. Bd3 Bb4+ 7. Nbd2 e5 8. dxe5 Bc3 9. Rb1 Nxe5 10. Nxe5 Bxe5 11. Qc2 Qe7 12. h3 Be6 13. 0-0 Bc7 14. Nf3 h6 15. Bb2 0-0-0 16. Bf5 Rhg8 17. Rfd1 Kb8 18. Bxe6 Qxe6 19. Bxf6 gxf6 20. Kf1 Qe4 21. Qxe4 dxe4 22. Nh4 Rg5 23. Rxd8+ Bxd8 24. Rd1 Kc8 25. g4 h5 26. Nf5 Bc7 27. Nh6 Rg6 28. Nxf7 hxg4 29. hxg4 Rxg4 30. Nd6+ Bxd6 31. Rxd6 f5 32. Rf6 Rg5 33. Rf7 a5 34. Ke2 Kb8 35. Kd2 c5 36. Kc3 Ka7 37. a3 Kb6 38. b4 axb4+ 39. axb4 Kc6 40. bxc5 Kxc5 41. Rxb7 Kd6 42. Rb5 Ke6 43. Kd4 Rg2 44. Rb6+ Kd7 45. Rb2 Kd6 46. c5+ Ke6 47. c6 Kd6 48. c7 Kxc7 49. Ke5 Rg8 50. Rd2 Re8+ 51. Kf4 Kc6 52. Kxf5 Kc5 53. Kf4 Kc6 54. Rd4 Rf8+ 55. Kxe4 Rxf2 56. Ke5 Rf8 57. e4 Kc5 58. Rd5+ Kc6 59. Rd6+ Kc7 60. Rd4 Kc6 61. Ke6 Re8+ 62. Kf7 Re5 63. Kf6 Re8 64. e5 Rf8+ 65. Ke7 Rf1 66. e6 Re1 67. Kf7 Rf1+ 68. Ke8 Kc7 69. e7 Rh1 70. Kf7 Rf1+ 71. Ke6 Re1+ 72. Kf6 1-0

[Event "Voronezh Region-ch Seniors"]
[Site "Voronezh"]
[Date "2013.11.20"]
[Round "5"]
[White "Terenya, Alexander"]
[Black "Popov, Evgeny"]
[Result "1-0"]
[WhiteElo "1773"]
[BlackElo "1834"]
[PlyCount "33"]
[EventDate "2013.11.15"]
[EventType "swiss"]
[EventRounds "9"]
[EventCountry "RUS"]
[SourceTitle "EXT 2015"]
[Source "ChessBase"]
[SourceDate "2014.11.20"]
[SourceVersion "1"]
[SourceVersionDate "2014.11.20"]
[SourceQuality "1"]

1. e4 c5 2. Nc3 Nc6 3. Bc4 e6 4. f4 Nge7 5. Nf3 a6 6. e5 g6 7. a4 d5 8. exd6 Qxd6 9. 0-0 Nf5 10. Ne4 Qe7 11. c3 Nd6 12. Qe2 Nxe4 13. Qxe4 Bg7 14. Ne5 Bd7 15. d4 cxd4 16. b3 Rd8 17. Ba3 1-0

[Event "Belorechensk Sarkisov Memorial op"]
[Site "Belorechensk"]
[Date "2012.05.25"]
[Round "3"]
[White "Skripnikov, Velori"]
[Black "Popov, Evgeny"]
[Result "1/2-1/2"]
[WhiteElo "1688"]
[BlackElo "1917"]
[PlyCount "100"]
[EventDate "2012.05.23"]
[EventType "swiss"]
[EventRounds "9"]
[EventCountry "RUS"]
[SourceTitle "CBM 148 Extra"]
[Source "ChessBase"]
[SourceDate "2012.06.22"]
[SourceVersion "1"]
[SourceVersionDate "2012.06.22"]
[SourceQuality "1"]

1. e4 g6 2. d4 Bg7 3. Nc3 d6 4. Be3 c6 5. Be2 Nd7 6. f4 Qa5 7. Qd2 Ngf6 8. h3 0-0 9. Nf3 b5 10. e5 b4 11. exf6 bxc3 12. Qxc3 Qxc3+ 13. bxc3 Nxf6 14. Bd3 Nd5 15. Bd2 Bd7 16. 0-0 Rab8 17. Rab1 Nb6 18. Rfe1 Rfe8 19. Rb2 Bf6 20. Reb1 Be6 21. a4 Rbc8 22. Ba6 Rc7 23. a5 Nc4 24. Bxc4 Bxc4 25. Rb7 Rec8 26. Rxc7 Rxc7 27. Rb8+ Kg7 28. Kf2 Bd5 29. g4 e6 30. g5 Be7 31. Be3 Be4 32. Rb2 f5 33. Nd2 Rd7 34. Nxe4 fxe4 35. a6 Kf7 36. Rb7 Ke8 37. d5 cxd5 38. Bxa7 Bd8 39. Bd4 Rxb7 40. axb7 Bc7 41. Ba7 Kd7 42. b8Q Bxb8 43. Bxb8 Kc6 44. Ke3 Kc5 45. Ba7+ Kc4 46. Bd4 Kb5 47. Bg7 Kc5 48. Bf8 Kc4 49. Kd2 Kc5 50. Be7 Kc6 1/2-1/2